Тест на общие знания №45 - Statistics

General Stats
  • This quiz has been taken 36 times
  • The average score is 8 of 20
Answer Stats
Вопрос Ответ % Correct
Какая птица, вопреки стереотипу, не прячет голову в песок при виде опасности? страус
100%
Продолжите последовательность: Хрущёв, Брежнев, Андропов, ... Черненко
92%
С помощью какой кнопки на клавиатуре можно сделать букву заглавной, не зажимая Shift? Caps lock
80%
В какой известной мобильной игре вандал, разрисовывавший вагоны поездов, убегает от преследующего его вокзального сторожа? "Subway Surfers"
52%
Какая непризнанная территория между Молдовой и Украиной использует советскую символику по сей день? Приднестровье
48%
Первая часть какой серии фильмов пародирует фильм "Крик", а второй - "Изгоняющий дьявола"? "Очень страшное кино"
48%
У каких двух деревьев Сергей Никитин в песне спрашивал, где его любимая? ясень и тополь
40%
В ООН 6 официальных языков - английский, французский, испанский, китайский, русский и ...? арабский
40%
Чего нет у Саргассового моря, что есть у других морей? берега
40%
Что в 1782-м году изобрели братья Жозеф-Мишель и Жак-Этьенн Монгольфье? воздушный шар
40%
Назовите крупнейшую в США сеть магазинов "Walmart"
40%
Какой страной правит аятолла? Иран
36%
Как с чешского переводится слово "letadlo"? самолёт
32%
Какая художница изобразила себя на картине с обезьяной, кошкой и колибри? Фрида Кало
32%
Кто написал роман "Солярис", по мотивам которого снял фильм Андрей Тарковский? Станислав Лем
32%
Какой литературный персонаж встретился с призраками прошлого, настоящего и будущего Рождества? Эбенезер Скрудж
20%
Название какого боевого искусства переводится с корейского как "путь руки и ноги"? тхэквондо
20%
Назовите первое насекомое, которое одомашнил человек тутовый шелкопряд
16%
В каком российском городе стоит мемориал, известный как "Алёша"? Мурманск
16%
Каким животным был тануки из японской мифологии? енотовидная собака
8%
No matching quizzes found
Score Distribution
Percent of People with Each Score
Percentile by Number Answered
Your Score History
You have not taken this quiz